La femme de ménage (Record no. 5070)

MARC details
000 -CABECERA
campo de control de longitud fija 02568nam a22002897a 4500
008 - DATOS DE LONGITUD FIJA--INFORMACIÓN GENERAL
campo de control de longitud fija 251021b |||||||| |||| 00| 0 eng d
020 ## - NÚMERO INTERNACIONAL ESTÁNDAR DEL LIBRO
Número Internacional Estándar del Libro 9782290391174
040 ## - FUENTE DE LA CATALOGACIÓN
Centro/agencia transcriptor tbs
041 ## - CÓDIGO DE LENGUA
Código de lengua del texto/banda sonora o título independiente fre
Código de lengua original eng
100 ## - ENTRADA PRINCIPAL--NOMBRE DE PERSONA
Nombre de persona McFadden, Freida
9 (RLIN) 26232
Término indicativo de función/relación author
240 ## - TÍTULO UNIFORME
Título uniforme Housemaid.
Lenguaje de la obra French.
245 ## - MENCIÓN DE TÍTULO
Título La femme de ménage
Mención de responsabilidad, etc. / Freida McFadden ; translated by Karine Forestier.
260 ## - PUBLICACIÓN, DISTRIBUCIÓN, ETC.
Lugar de publicación, distribución, etc. Paris,
Nombre del editor, distribuidor, etc. J'ai Lu,
Fecha de publicación, distribución, etc. 2024.
300 ## - DESCRIPCIÓN FÍSICA
Extensión 411 pages ;
Dimensiones 18 cm.
490 ## - MENCIÓN DE SERIE
Mención de serie Housemaid series
520 ## - SUMARIO, ETC.
Sumario, etc. Chaque jour, Millie fait le ménage dans la belle maison des Winchester, une riche famille new-yorkaise. Elle récupère aussi leur fille à l'école et prépare les repas avant d'aller se coucher dans sa chambre, au grenier. Pour la jeune femme, ce nouveau travail est une chance inespérée. L'occasion de repartir de zéro. Mais, sous des dehors respectables, sa patronne se montre de plus en plus instable et toxique. Et puis il y a aussi cette rumeur dérangeante qui court dans le quartier : madame Winchester aurait tenté de noyer sa fille quelques années auparavant. Heureusement, le gentil et séduisant monsieur Winchester est là pour rendre la situation supportable. Mais le danger se tapit parfois sous des apparences trompeuses. Et lorsque Millie découvre que la porte de sa chambre mansardée ne ferme que de l'extérieur, il est peut-être déjà trop tard...
520 ## - SUMARIO, ETC.
Sumario, etc. Every day, Millie cleans the beautiful home of the Winchesters, a wealthy New York family. She also picks up their daughter from school and prepares their meals before going to sleep in her small attic room. For the young woman, this new job is an unexpected opportunity—a chance to start over.<br/><br/>But beneath her employer’s respectable exterior, Mrs. Winchester grows increasingly unstable and toxic. And then there’s the disturbing rumor spreading through the neighborhood: Mrs. Winchester once tried to drown her daughter.<br/><br/>Fortunately, the kind and charming Mr. Winchester is there to make things more bearable. Yet danger often hides behind deceiving appearances. And when Millie discovers that the door to her attic room can only be locked from the outside, it might already be too late...
650 #0 - PUNTO DE ACCESO ADICIONAL DE MATERIA--TÉRMINO DE MATERIA
Término de materia o nombre geográfico como elemento de entrada Women household employees
Subdivisión de forma Fiction
9 (RLIN) 25381
650 #0 - PUNTO DE ACCESO ADICIONAL DE MATERIA--TÉRMINO DE MATERIA
Término de materia o nombre geográfico como elemento de entrada Families
Subdivisión de forma Fiction
9 (RLIN) 22172
650 #0 - PUNTO DE ACCESO ADICIONAL DE MATERIA--TÉRMINO DE MATERIA
Término de materia o nombre geográfico como elemento de entrada Spouses
Subdivisión de forma Fiction
9 (RLIN) 26233
650 #0 - PUNTO DE ACCESO ADICIONAL DE MATERIA--TÉRMINO DE MATERIA
Término de materia o nombre geográfico como elemento de entrada Children
Subdivisión de forma Fiction
9 (RLIN) 26234
650 #0 - PUNTO DE ACCESO ADICIONAL DE MATERIA--TÉRMINO DE MATERIA
Término de materia o nombre geográfico como elemento de entrada Family secrets
Subdivisión de forma Fiction
9 (RLIN) 23679
655 #0 - TÉRMINO DE INDIZACIÓN--GÉNERO/FORMA
Datos o término principal de género/forma Psychological fiction
9 (RLIN) 22456
655 #0 - TÉRMINO DE INDIZACIÓN--GÉNERO/FORMA
Datos o término principal de género/forma Thrillers (Fiction)
9 (RLIN) 22669
700 ## - ENTRADA AGREGADA--NOMBRE PERSONAL
Nombre de persona Forestier, Karine
9 (RLIN) 26235
Término indicativo de función/relación translator
942 ## - ELEMENTOS DE ENTRADA AGREGADA (KOHA)
Fuente del sistema de clasificación o colocación Clasificación de Library of Congress
Holdings
Estado de retiro Estado de pérdida Fuente del sistema de clasificación o colocación Estado dañado No para préstamo Biblioteca de origen Biblioteca actual Fecha de adquisición Total de préstamos Signatura topográfica completa Código de barras Fecha visto por última vez Fecha del último préstamo Número de copia Precio válido a partir de Tipo de ítem Koha
    Clasificación de Library of Congress     TBS Barcelona TBS Barcelona 21/10/2025 1 P-FR MCF B06055 24/04/2026 26/02/2026 1 21/10/2025 Book

Powered by Koha